[Event "SBDU-ch"]
[Site "Duisburg"]
[Date "2011.11.18"]
[Round "6"]
[White "Eickholt, Marc"]
[Black "Bajonczak, Helmut"]
[Result "1/2-1/2"]
[WhiteElo "1418"]
[BlackElo "1235"]
[PlyCount "80"]
[EventDate "2011.09.09"]
[EventType "swiss"]
[EventRounds "7"]
[EventCountry "GER"]
[SourceTitle "EXT 2015"]
[Source "ChessBase"]
[SourceDate "2014.11.20"]
[SourceVersion "1"]
[SourceVersionDate "2014.11.20"]
[SourceQuality "1"]

1. d4 Nf6 2. Nf3 d6 3. c4 g6 4. Nc3 Bg7 5. e4 Nc6 6. Be2 0-0 7. 0-0 e5 8. d5 Ne7 9. b4 c6 10. Be3 Ng4 11. Bg5 f6 12. Bd2 Kh8 13. Rc1 Bd7 14. h3 Nh6 15. Re1 f5 16. Ng5 f4 17. Ne6 Bxe6 18. dxe6 Qc8 19. Bf3 Qxe6 20. Qe2 g5 21. Kh2 Ng6 22. g4 Nh4 23. a4 a6 24. a5 Nxf3+ 25. Qxf3 Nf7 26. Rh1 Kg8 27. Kg2 Bf6 28. Qe2 Kg7 29. f3 Rh8 30. Be1 h5 31. Bf2 Be7 32. Ra1 hxg4 33. hxg4 Rxh1 34. Rxh1 Rh8 35. Rxh8 Nxh8 36. b5 Bd8 37. bxa6 bxa6 38. Bb6 Be7 39. c5 Qc8 40. Qc4 Nf7 1/2-1/2

[Event "SBDU-ch"]
[Site "Duisburg"]
[Date "2011.11.04"]
[Round "5"]
[White "Bajonczak, Helmut"]
[Black "Hampel, Ernst"]
[Result "0-1"]
[WhiteElo "1235"]
[BlackElo "1551"]
[PlyCount "80"]
[EventDate "2011.09.09"]
[EventType "swiss"]
[EventRounds "7"]
[EventCountry "GER"]
[SourceTitle "EXT 2015"]
[Source "ChessBase"]
[SourceDate "2014.11.20"]
[SourceVersion "1"]
[SourceVersionDate "2014.11.20"]
[SourceQuality "1"]

1. Nf3 d5 2. g3 c5 3. c3 Bd7 4. Bg2 Bc6 5. 0-0 Nd7 6. d4 Ngf6 7. Qc2 e6 8. Re1 h6 9. Nbd2 b6 10. a4 Be7 11. Ne5 Nxe5 12. dxe5 Ng4 13. Nf3 Qc7 14. Bf4 g5 15. Bd2 Nxe5 16. Red1 Ng6 17. e3 g4 18. Ne1 h5 19. e4 h4 20. Qd3 hxg3 21. fxg3 Ne5 22. Qe2 c4 23. Bf4 f6 24. Nc2 Bc5+ 25. Nd4 0-0-0 26. Kh1 Qh7 27. Bf1 Bxd4 28. cxd4 Nf3 29. Rd2 Nxd2 30. Qxd2 Qxe4+ 31. Bg2 Qh7 32. Bf1 e5 33. Be3 Qe4+ 34. Bg2 Qd3 35. Qf2 exd4 36. Bf4 Rde8 37. Bf1 Qf3+ 38. Qg2 d3 39. Rd1 d4 40. Rd2 Qxf1# 0-1

[Event "Goch op 22nd"]
[Site "Goch"]
[Date "2011.10.02"]
[Round "7"]
[White "Schaefer, Michael2222"]
[Black "Bajonczak, Helmut"]
[Result "1-0"]
[WhiteElo "1758"]
[BlackElo "1503"]
[PlyCount "93"]
[EventDate "2011.09.29"]
[EventType "swiss"]
[EventRounds "7"]
[EventCountry "GER"]
[SourceTitle "EXT 2014"]
[Source "ChessBase"]
[SourceDate "2013.11.20"]
[SourceVersion "1"]
[SourceVersionDate "2013.11.20"]
[SourceQuality "1"]

1. e4 g6 2. c4 Bg7 3. d4 d6 4. Nc3 c6 5. Nf3 Nf6 6. Be2 0-0 7. Bg5 Nbd7 8. 0-0 Qc7 9. Rc1 Re8 10. Re1 e5 11. d5 c5 12. Qd2 Kh8 13. Rf1 Ng8 14. Ne1 h6 15. Be3 Qd8 16. Nd3 b6 17. f4 Qh4 18. Nb5 Rf8 19. Nxd6 Qe7 20. Nxc8 Raxc8 21. f5 Ngf6 22. Bxh6 Nxe4 23. Qe3 Qh4 24. Bxg7+ Kxg7 25. Rf3 Rh8 26. Rh3 Qf6 27. Qxe4 gxf5 28. Rg3+ Kf8 29. Qf3 e4 30. Qf2 Re8 31. Rf1 exd3 32. Bxd3 Qd4 33. Qxd4 cxd4 34. Bxf5 Nc5 35. b4 Na4 36. Bd7 Re2 37. Bxa4 Rxa2 38. Bc6 Ke7 39. Rg7 Rf8 40. h4 Re2 41. Rg4 d3 42. Rd4 d2 43. d6+ Kd8 44. Bf3 Re1 45. Rxd2 Rxf1+ 46. Kxf1 Rg8 47. h5 1-0

[Event "Rheinhausen-ch"]
[Site "Rheinhausen"]
[Date "2011.02.25"]
[Round "5"]
[White "Hamm, Siegfried"]
[Black "Bajonczak, Helmut"]
[Result "1/2-1/2"]
[WhiteElo "1713"]
[BlackElo "1198"]
[PlyCount "44"]
[EventDate "2011.01.07"]
[EventType "swiss"]
[EventRounds "7"]
[EventCountry "GER"]
[SourceTitle "EXT 2015"]
[Source "ChessBase"]
[SourceDate "2014.11.20"]
[SourceVersion "1"]
[SourceVersionDate "2014.11.20"]
[SourceQuality "1"]

1. e4 g6 2. d4 Bg7 3. f4 d6 4. Nf3 Nd7 5. Bc4 c5 6. c3 e6 7. 0-0 Ne7 8. d5 exd5 9. exd5 0-0 10. Nbd2 Nb6 11. Bb3 Bf5 12. c4 Re8 13. a4 a5 14. Re1 Qd7 15. Nb1 Nbc8 16. Na3 Na7 17. Bc2 b6 18. Rb1 Bxc2 19. Qxc2 Nf5 20. Bd2 Rxe1+ 21. Rxe1 Re8 22. Bc3 Nd4 1/2-1/2

[Event "Rheinhausen-ch 14th"]
[Site "Duisburg Rheinhausen"]
[Date "2010.03.26"]
[Round "7"]
[White "Bajonczak, Helmut"]
[Black "Schlepuetz, Volker"]
[Result "0-1"]
[WhiteElo "1231"]
[BlackElo "1137"]
[PlyCount "106"]
[EventDate "2010.01.08"]
[EventType "swiss"]
[EventRounds "7"]
[EventCountry "GER"]
[SourceTitle "EXT 2018"]
[Source "ChessBase"]
[SourceDate "2017.10.13"]
[SourceVersion "1"]
[SourceVersionDate "2017.10.13"]
[SourceQuality "1"]

1. Nf3 Nf6 2. g3 d6 3. Bg2 Nbd7 4. d3 e5 5. e4 c6 6. 0-0 d5 7. Nbd2 Bd6 8. Qe2 0-0 9. b3 Re8 10. Bb2 Qa5 11. a4 Bb4 12. Rfc1 Bc3 13. Bxc3 Qxc3 14. Qd1 dxe4 15. Nxe4 Nxe4 16. dxe4 Nf6 17. Ne1 Bg4 18. Qd3 Qc5 19. h3 Rad8 20. Qe3 Qxe3 21. fxe3 Be2 22. c4 Rd2 23. Rc2 Rxc2 24. Nxc2 Rd8 25. c5 Rd2 26. Ne1 Rd1 27. Rxd1 Bxd1 28. b4 Bxa4 29. Nd3 Nd7 30. Bf3 f6 31. g4 g5 32. Kh2 Nb8 33. Be2 Bb5 34. Kg2 Na6 35. Kf2 Kf7 36. Ke1 Bxd3 37. Bxd3 Nxb4 38. Bc4+ Ke7 39. Kd2 b6 40. cxb6 axb6 41. Kc3 c5 42. Kb2 Kd6 43. Kc3 Kc6 44. Bf7 b5 45. Kb3 Kb6 46. Kc3 Ka5 47. Bg8 h6 48. Be6 c4 49. Bd7 Ka4 50. Kb2 Nd3+ 51. Kc3 Nf2 52. Kb2 Nxh3 53. Be8 Nf2 0-1

[Event "Rheinhausen-ch 14th"]
[Site "Duisburg Rheinhausen"]
[Date "2010.02.19"]
[Round "4"]
[White "Bajonczak, Helmut"]
[Black "Gahrens, Juergen"]
[Result "1/2-1/2"]
[WhiteElo "1231"]
[BlackElo "1306"]
[PlyCount "79"]
[EventDate "2010.01.08"]
[EventType "swiss"]
[EventRounds "7"]
[EventCountry "GER"]
[SourceTitle "EXT 2018"]
[Source "ChessBase"]
[SourceDate "2017.10.13"]
[SourceVersion "1"]
[SourceVersionDate "2017.10.13"]
[SourceQuality "1"]

1. d4 e6 2. c4 d5 3. e3 c6 4. Nf3 Bd6 5. Bd3 f5 6. a3 Nf6 7. Nc3 Nbd7 8. c5 Bc7 9. b4 Qe7 10. Bb2 a6 11. 0-0 Ng4 12. h3 h5 13. Qe2 Qf6 14. Nd1 Qh6 15. Bc1 0-0 16. Bc2 Ndf6 17. e4 f4 18. e5 Ne8 19. Nh4 Rf7 20. f3 Bd8 21. Qe1 Bxh4 22. Qxh4 g5 23. Qe1 Ng7 24. Nf2 Nxf2 25. Rxf2 h4 26. Qe2 Nh5 27. Qd3 Rg7 28. Bd2 Bd7 29. Be1 Ng3 30. Rd2 Nf5 31. Qe2 Ne7 32. Bf2 Be8 33. Rf1 Nc8 34. Be1 Na7 35. a4 Bf7 36. Qd1 Be8 37. Rff2 Bd7 38. Bd3 Nc8 39. Rb2 Na7 40. Bf1 1/2-1/2

[Event "Rheinhausen-ch 14th"]
[Site "Duisburg Rheinhausen"]
[Date "2010.01.08"]
[Round "1"]
[White "Plueckelmann, Thomas"]
[Black "Bajonczak, Helmut"]
[Result "1-0"]
[WhiteElo "1695"]
[BlackElo "1231"]
[PlyCount "135"]
[EventDate "2010.01.08"]
[EventType "swiss"]
[EventRounds "7"]
[EventCountry "GER"]
[SourceTitle "EXT 2018"]
[Source "ChessBase"]
[SourceDate "2017.10.13"]
[SourceVersion "1"]
[SourceVersionDate "2017.10.13"]
[SourceQuality "1"]

1. d4 d5 2. c4 c6 3. e3 Nf6 4. Nf3 e6 5. Bd3 h6 6. a3 Be7 7. Nc3 Nbd7 8. 0-0 Qc7 9. c5 b6 10. b4 bxc5 11. bxc5 Rb8 12. Qc2 e5 13. Bf5 0-0 14. Bxd7 Nxd7 15. h3 e4 16. Nh2 Ba6 17. Re1 Bd3 18. Qa4 Nf6 19. Na2 Bb5 20. Qd1 Bd3 21. Nb4 Bc4 22. Qa4 Bb5 23. Qd1 a5 24. Na2 Bd3 25. Nc3 Bd8 26. Bd2 Qd7 27. Na4 Rb7 28. Bc3 Bc7 29. Qd2 Rfb8 30. Nb2 Ba6 31. Reb1 Bd3 32. Rc1 Bb5 33. Bxa5 Bxh2+ 34. Kxh2 Ra8 35. Bb6 Qc8 36. Kg1 Nd7 37. a4 Ba6 38. a5 Nxb6 39. cxb6 Bb5 40. Qb4 Qd7 41. Nd1 Ba6 42. Nc3 Rc8 43. Na4 Bb5 44. Nc5 Qe7 45. Qa3 Rbb8 46. Nb3 Qb7 47. Nd2 Ra8 48. Qc5 Re8 49. Nb1 Rec8 50. Nc3 Bd3 51. Na4 Bb5 52. Qb4 Bxa4 53. Rxa4 Ra6 54. Qd6 f6 55. Qe6+ Kh8 56. Rc5 Kh7 57. Ra2 Kg6 58. Rac2 h5 59. g3 Qb8 60. Rxd5 Re8 61. Qf5+ Kf7 62. Rd7+ Re7 63. Rc5 Qe8 64. Rxe7+ Qxe7 65. Rxc6 Qb7 66. Rc7+ Qxc7 67. bxc7 g6 68. Qd5+ 1-0

[Event "Duisburg SBDU-ch"]
[Site "Duisburg Wohndorf Laar"]
[Date "2009.10.23"]
[Round "4"]
[White "Bajonczak, Helmut"]
[Black "Straub, Peter"]
[Result "1-0"]
[WhiteElo "1223"]
[BlackElo "983"]
[PlyCount "103"]
[EventDate "2009.09.11"]
[EventType "swiss"]
[EventRounds "7"]
[EventCountry "GER"]
[SourceTitle "EXT 2018"]
[Source "ChessBase"]
[SourceDate "2017.10.13"]
[SourceVersion "1"]
[SourceVersionDate "2017.10.13"]
[SourceQuality "1"]

1. Nf3 Nc6 2. d4 d5 3. g3 a6 4. Bg2 e6 5. 0-0 Be7 6. b3 h6 7. Bb2 Nf6 8. Nbd2 0-0 9. Re1 Ne4 10. Nxe4 dxe4 11. Ne5 Nxe5 12. dxe5 Qxd1 13. Raxd1 b5 14. Bxe4 Rb8 15. e3 c5 16. f4 Bb7 17. Bxb7 Rxb7 18. Re2 Rc7 19. Kg2 b4 20. Red2 Rcc8 21. Rd7 Bd8 22. a3 a5 23. a4 g5 24. h3 Kg7 25. Kf3 h5 26. fxg5 Bxg5 27. h4 Bd8 28. Rf1 Kg6 29. Kg2 Kg7 30. Bc1 Bc7 31. Bb2 Kg8 32. Rf6 Kg7 33. Rxe6 Bd8 34. Red6 Kg8 35. Rd1 c4 36. Rf1 f6 37. exf6 c3 38. f7+ Kg7 39. Bc1 Rc7 40. Rxc7 Bxc7 41. e4 Rxf7 42. Rxf7+ Kxf7 43. Kf3 Ke6 44. Be3 Be5 45. Bb6 Kd6 46. Bxa5 Kc6 47. Bd8 Kd6 48. Bg5 Ke6 49. Bh6 Bd6 50. a5 Bc5 51. a6 Kf6 52. Be3 1-0

[Event "Duisburg SBDU-ch"]
[Site "Duisburg Wohndorf Laar"]
[Date "2009.10.02"]
[Round "3"]
[White "Bajonczak, Helmut"]
[Black "Hampel, Ernst"]
[Result "0-1"]
[WhiteElo "1223"]
[BlackElo "1597"]
[PlyCount "98"]
[EventDate "2009.09.11"]
[EventType "swiss"]
[EventRounds "7"]
[EventCountry "GER"]
[SourceTitle "EXT 2018"]
[Source "ChessBase"]
[SourceDate "2017.10.13"]
[SourceVersion "1"]
[SourceVersionDate "2017.10.13"]
[SourceQuality "1"]

1. c4 c5 2. Nc3 Nc6 3. Nf3 Nf6 4. g3 d6 5. Bg2 Bg4 6. e3 e6 7. Qc2 Bxf3 8. Bxf3 Be7 9. 0-0 Rb8 10. b3 Nb4 11. Qb1 0-0 12. a3 Nc6 13. Bb2 a6 14. Qc2 Ne5 15. Be2 Qb6 16. Rab1 Qc6 17. e4 Qc7 18. Rbd1 Nc6 19. Nb1 Nd7 20. d4 cxd4 21. Bxd4 Bf6 22. Be3 Rfd8 23. b4 Rbc8 24. Qb3 Nce5 25. Rc1 Qb8 26. Nd2 b6 27. Rfd1 Qb7 28. Qb1 Rc6 29. Rc2 Rdc8 30. Rdc1 b5 31. cxb5 axb5 32. Rxc6 Rxc6 33. Rxc6 Nxc6 34. f3 Bd4 35. Bxd4 Nxd4 36. Bd1 Qa7 37. Kg2 Qxa3 38. Nf1 Ne5 39. f4 Nc4 40. e5 dxe5 41. Qe4 f5 42. Qb7 exf4 43. Qc8+ Kf7 44. Bh5+ Kf6 45. Qf8+ Ke5 46. Qxg7+ Kd5 47. Qd7+ Nd6 48. Bf3+ Qxf3+ 49. Kh3 Qxf1+ 0-1

[Event "Duisburg SBDU-ch"]
[Site "Duisburg Wohndorf Laar"]
[Date "2009.09.22"]
[Round "2"]
[White "Naber, Armin"]
[Black "Bajonczak, Helmut"]
[Result "1-0"]
[WhiteElo "1572"]
[BlackElo "1223"]
[PlyCount "61"]
[EventDate "2009.09.11"]
[EventType "swiss"]
[EventRounds "7"]
[EventCountry "GER"]
[SourceTitle "EXT 2018"]
[Source "ChessBase"]
[SourceDate "2017.10.13"]
[SourceVersion "1"]
[SourceVersionDate "2017.10.13"]
[SourceQuality "1"]

1. f4 d5 2. Nf3 Nc6 3. e3 a6 4. b3 h6 5. Bb2 Bg4 6. Be2 e6 7. 0-0 f5 8. d3 Nf6 9. Nbd2 Bc5 10. d4 Be7 11. Ne5 Bxe2 12. Qxe2 Qd6 13. a4 0-0 14. Ba3 Qd8 15. Nxc6 bxc6 16. Bxe7 Qxe7 17. Nf3 Ne4 18. Ne5 Qe8 19. Qe1 Rf6 20. Rf3 Kh7 21. Rh3 Nd6 22. Qa5 Ra7 23. Qc5 Rb7 24. Nxc6 Nc4 25. Qe7 Qxc6 26. Rc1 Rxb3 27. g4 fxg4 28. Rh4 Rg6 29. Kh1 Rxe3 30. Rxh6+ Kxh6 31. Qh4# 1-0

[Event "Rheinhausen-ch 13th"]
[Site "Duisburg Rheinhausen"]
[Date "2009.03.27"]
[Round "7"]
[White "Roeder, Regina"]
[Black "Bajonczak, Helmut"]
[Result "1-0"]
[WhiteElo "1527"]
[BlackElo "1239"]
[PlyCount "119"]
[EventDate "2009.01.09"]
[EventType "swiss"]
[EventRounds "7"]
[EventCountry "GER"]
[SourceTitle "EXT 2018"]
[Source "ChessBase"]
[SourceDate "2017.10.13"]
[SourceVersion "1"]
[SourceVersionDate "2017.10.13"]
[SourceQuality "1"]

1. d4 Nf6 2. c4 e5 3. dxe5 Ng4 4. Bf4 g5 5. Bg3 Bg7 6. Nf3 Nc6 7. e3 Ngxe5 8. Nxe5 Nxe5 9. Nc3 d6 10. Be2 c6 11. 0-0 Qc7 12. Rc1 Be6 13. Ne4 h6 14. Qxd6 Qxd6 15. Nxd6+ Ke7 16. Nxb7 Rab8 17. Nc5 h5 18. Nxe6 fxe6 19. h4 Rxb2 20. Rfe1 g4 21. Bd1 Nd3 22. Bb3 Nxe1 23. Rxe1 c5 24. Rd1 Rd8 25. Rxd8 Kxd8 26. Bd6 Kd7 27. Bxc5 Rb1+ 28. Kh2 Rf1 29. e4 Bf6 30. g3 a6 31. Kg2 Rc1 32. Bb4 Be7 33. Bd2 Ra1 34. Be3 a5 35. Bb6 Bb4 36. c5 e5 37. Bd5 Rc1 38. c6+ Rxc6 39. Bxc6+ Kxc6 40. Be3 Kd6 41. Kf1 Bc3 42. Ke2 a4 43. Kd3 Bb2 44. Kc4 a3 45. Bc5+ Kc6 46. Bb4 Bd4 47. Be1 Bb2 48. Kd3 Kc5 49. Bc3 Kb5 50. Bxb2 axb2 51. Kc2 b1Q+ 52. Kxb1 Kb4 53. Kb2 Ka4 54. a3 Kb5 55. Kb3 Ka5 56. a4 Kb6 57. Kb4 Ka6 58. a5 Ka7 59. Kb5 Ka8 60. Kc5 1-0

[Event "Rheinhausen-ch 13th"]
[Site "Duisburg Rheinhausen"]
[Date "2009.03.13"]
[Round "6"]
[White "Bajonczak, Helmut"]
[Black "Roeder, Christian"]
[Result "1-0"]
[WhiteElo "1239"]
[BlackElo "1281"]
[PlyCount "39"]
[EventDate "2009.01.09"]
[EventType "swiss"]
[EventRounds "7"]
[EventCountry "GER"]
[SourceTitle "EXT 2018"]
[Source "ChessBase"]
[SourceDate "2017.10.13"]
[SourceVersion "1"]
[SourceVersionDate "2017.10.13"]
[SourceQuality "1"]

1. e4 e5 2. Nf3 Nf6 3. Nc3 d5 4. exd5 e4 5. Qe2 Bf5 6. d3 Bb4 7. Bd2 Nxd5 8. dxe4 0-0 9. 0-0-0 Re8 10. Qc4 Nb6 11. Qxb4 Nc6 12. Qc5 Bxe4 13. Nxe4 Rxe4 14. Bd3 Nd7 15. Qf5 Ra4 16. Qxh7+ Kf8 17. Qh8+ Ke7 18. Bg5+ f6 19. Qxg7+ Ke8 20. Bg6# 1-0

[Event "Duisburg SBDU-ch"]
[Site "Duisburg Wohndorf Laar"]
[Date "2008.12.12"]
[Round "7"]
[White "Straub, Peter"]
[Black "Bajonczak, Helmut"]
[Result "0-1"]
[WhiteElo "1035"]
[BlackElo "1269"]
[PlyCount "104"]
[EventDate "2008.09.05"]
[EventType "swiss"]
[EventRounds "7"]
[EventCountry "GER"]
[SourceTitle "EXT 2018"]
[Source "ChessBase"]
[SourceDate "2017.10.13"]
[SourceVersion "1"]
[SourceVersionDate "2017.10.13"]
[SourceQuality "1"]

1. d4 d5 2. e3 Nf6 3. Nc3 c6 4. Bd3 g6 5. h3 Bg7 6. Nf3 0-0 7. 0-0 Qc7 8. Kh1 Nbd7 9. Rg1 e5 10. Nh2 e4 11. Be2 Re8 12. f3 Nh5 13. g4 Nhf6 14. f4 Nf8 15. Rg3 Qd6 16. Qg1 Bd7 17. Bd2 h6 18. Rf1 N6h7 19. g5 h5 20. Rf2 h4 21. Rgg2 Bxh3 22. Rg4 Bxg4 23. Bxg4 f6 24. f5 Qg3 25. Qxg3 hxg3 26. Rg2 Nxg5 27. Rxg3 Kf7 28. Ne2 Nd7 29. Nf4 Rh8 30. Nxg6 Rh6 31. Kg2 Nf8 32. b3 Nxg6 33. fxg6+ Kxg6 34. Bb4 Rah8 35. Nf1 Bf8 36. Bxf8 Rxf8 37. Be6 f5 38. c4 Rd8 39. Kf2 Kf6 40. Bxf5 Kxf5 41. Ke1 Rh1 42. Rg2 Rf8 43. Rf2+ Nf3+ 44. Ke2 Ke6 45. a4 Rf6 46. a5 a6 47. c5 Nxd4+ 48. Ke1 Rxf2 49. Kxf2 Nxb3 50. Ng3 Rh8 51. Ne2 Ke5 52. Ng3 Rf8+ 0-1

[Event "Duisburg SBDU-ch"]
[Site "Duisburg Wohndorf Laar"]
[Date "2008.11.07"]
[Round "5"]
[White "Bajonczak, Helmut"]
[Black "Kohlhause, Dirk"]
[Result "0-1"]
[WhiteElo "1269"]
[BlackElo "1363"]
[PlyCount "82"]
[EventDate "2008.09.05"]
[EventType "swiss"]
[EventRounds "7"]
[EventCountry "GER"]
[SourceTitle "EXT 2018"]
[Source "ChessBase"]
[SourceDate "2017.10.13"]
[SourceVersion "1"]
[SourceVersionDate "2017.10.13"]
[SourceQuality "1"]

1. d4 Nf6 2. f4 d5 3. Nf3 g6 4. e3 Bg7 5. Bd3 0-0 6. 0-0 b6 7. Bd2 c5 8. c3 Nc6 9. Na3 a6 10. Qe2 c4 11. Bc2 b5 12. b3 Qd6 13. b4 Rb8 14. Bd1 Bf5 15. Bc2 Bg4 16. h3 Bd7 17. Ne5 a5 18. Rab1 axb4 19. Bd1 bxa3 20. Nxd7 Qxd7 21. Bc2 Nh5 22. Qf3 Qd6 23. e4 dxe4 24. Bxe4 Rfc8 25. g4 Nf6 26. Bc2 Nd5 27. f5 e5 28. fxg6 fxg6 29. Qg3 b4 30. cxb4 Ndxb4 31. Qxa3 exd4 32. Qf3 Nxc2 33. Rxb8 Rxb8 34. Qf7+ Kh8 35. Kg2 c3 36. Bg5 Ne5 37. Qa7 Ne3+ 38. Bxe3 dxe3 39. Rd1 Rb2+ 40. Kg3 Nd3+ 41. Kf3 Qf4# 0-1

[Event "Goch op 19th"]
[Site "Goch"]
[Date "2008.10.10"]
[Round "3"]
[White "Bajonczak, Helmut"]
[Black "Nottenkaemper, Franz Ludwig"]
[Result "1/2-1/2"]
[WhiteElo "1269"]
[BlackElo "1655"]
[PlyCount "67"]
[EventDate "2008.10.09"]
[EventType "swiss"]
[EventRounds "7"]
[EventCountry "GER"]
[SourceTitle "EXT 2011"]
[Source "ChessBase"]
[SourceDate "2010.11.26"]
[SourceVersion "1"]
[SourceVersionDate "2010.11.26"]
[SourceQuality "1"]

1. Nf3 Nf6 2. c4 e6 3. g3 Be7 4. b3 0-0 5. Bb2 d5 6. e3 c5 7. d4 dxc4 8. Bxc4 Nc6 9. 0-0 a6 10. a3 b5 11. Be2 Qb6 12. Qc2 cxd4 13. exd4 Bb7 14. Nbd2 Rac8 15. Qd3 Rfd8 16. Rac1 Rd5 17. b4 Rcd8 18. Nb3 e5 19. Qb1 exd4 20. Bd3 Rh5 21. Rce1 Bc8 22. Na5 Nd5 23. Nxc6 Qxc6 24. Re4 Nc3 25. Bxc3 dxc3 26. Rxe7 Qxf3 27. Be2 Qf6 28. Rc7 Bh3 29. Bxh5 Bxf1 30. Bxf7+ Kf8 31. Qxh7 Qxf7 32. Rxf7+ Kxf7 33. Qf5+ Ke8 34. Qe4+ 1/2-1/2

[Event "Goch op 19th"]
[Site "Goch"]
[Date "2008.10.09"]
[Round "1"]
[White "Bajonczak, Helmut"]
[Black "Versteeg, Cees"]
[Result "0-1"]
[WhiteElo "1269"]
[BlackElo "2003"]
[PlyCount "82"]
[EventDate "2008.10.09"]
[EventType "swiss"]
[EventRounds "7"]
[EventCountry "GER"]
[SourceTitle "EXT 2011"]
[Source "ChessBase"]
[SourceDate "2010.11.26"]
[SourceVersion "1"]
[SourceVersionDate "2010.11.26"]
[SourceQuality "1"]

1. Nf3 Nf6 2. c4 c5 3. g3 Nc6 4. d3 g6 5. Bg2 Bg7 6. Nc3 e6 7. 0-0 0-0 8. Bg5 d5 9. b3 h6 10. Bd2 d4 11. Nb5 a6 12. Na3 e5 13. Nc2 Nh5 14. e3 dxe3 15. Bxe3 e4 16. dxe4 Bxa1 17. Qxa1 Qe7 18. Bxh6 Re8 19. Ne3 Qf6 20. Qb1 Ne5 21. Ng5 Qh8 22. Nxf7 Nxf7 23. Bf4 g5 24. Bc7 Ne5 25. Qd1 Nf6 26. f4 Neg4 27. Nxg4 Nxg4 28. Qd5+ Be6 29. Qxg5+ Kf7 30. h4 Qd4+ 31. Kh1 Rg8 32. Qh5+ Ke7 33. Be5 Nf2+ 34. Kh2 Ng4+ 35. Kh1 Nxe5 36. fxe5 Raf8 37. Rxf8 Rxf8 38. Qg5+ Kd7 39. Kh2 Qf2 40. Qc1 Qe2 41. Qh6 Rf2 0-1

[Event "Duisburg SBDU-ch"]
[Site "Duisburg Wohndorf Laar"]
[Date "2008.09.17"]
[Round "2"]
[White "Bajonczak, Helmut"]
[Black "Hampel, Ernst"]
[Result "0-1"]
[WhiteElo "1269"]
[BlackElo "1594"]
[PlyCount "78"]
[EventDate "2008.09.05"]
[EventType "swiss"]
[EventRounds "7"]
[EventCountry "GER"]
[SourceTitle "EXT 2018"]
[Source "ChessBase"]
[SourceDate "2017.10.13"]
[SourceVersion "1"]
[SourceVersionDate "2017.10.13"]
[SourceQuality "1"]

1. d3 d5 2. Nf3 Nf6 3. g3 Bg4 4. Bg2 Nbd7 5. d4 e6 6. 0-0 c5 7. c3 cxd4 8. cxd4 Bd6 9. Nc3 a6 10. h3 Bh5 11. Qc2 Rc8 12. Bd2 Ne4 13. Nxe4 Rxc2 14. Nxd6+ Ke7 15. Nxb7 Qb6 16. Nc5 Bxf3 17. Bg5+ f6 18. Nxd7 Kxd7 19. Bxf3 fxg5 20. Rfd1 Rhc8 21. e3 Qxb2 22. Rf1 Rc1 23. Raxc1 Rxc1 24. Bg2 Rxf1+ 25. Bxf1 Qxa2 26. f4 gxf4 27. gxf4 a5 28. h4 Qd2 29. Kh1 Qxe3 30. f5 exf5 31. h5 Qxd4 32. Kg2 Qg4+ 33. Kh1 Qxh5+ 34. Kg1 a4 35. Bb5+ Kd6 36. Bf1 a3 37. Bg2 a2 38. Bf1 a1Q 39. Kg2 Qb2+ 0-1

[Event "Goch op 18th"]
[Site "Goch"]
[Date "2007.10.05"]
[Round "3"]
[White "Bajonczak, Helmut"]
[Black "Kostowski, Ireneus"]
[Result "0-1"]
[WhiteElo "1310"]
[BlackElo "1876"]
[PlyCount "120"]
[EventDate "2007.10.04"]
[EventType "swiss"]
[EventRounds "7"]
[EventCountry "GER"]
[SourceTitle "EXT 2011"]
[Source "ChessBase"]
[SourceDate "2010.11.26"]
[SourceVersion "1"]
[SourceVersionDate "2010.11.26"]
[SourceQuality "1"]

1. Nf3 d5 2. g3 Nf6 3. Bg2 c5 4. d3 Bg4 5. Nbd2 e6 6. 0-0 Nc6 7. b3 Be7 8. Bb2 0-0 9. Qe1 Nb4 10. Qc1 Rc8 11. a3 Nc6 12. Re1 Qc7 13. e4 d4 14. h3 Bxf3 15. Nxf3 Nd7 16. c3 e5 17. Qd1 Rfd8 18. c4 Rf8 19. Bc1 a6 20. h4 b5 21. Bh3 bxc4 22. bxc4 Rb8 23. Bd2 Nb6 24. Rb1 Rb7 25. a4 a5 26. Rb5 Ra8 27. Qc2 Rba7 28. Reb1 Nb4 29. Qb3 Ra6 30. Ne1 R8a7 31. f4 Bd6 32. f5 Qd8 33. Nf3 Na8 34. Bg5 f6 35. Bd2 Nc7 36. Rf1 Kh8 37. Ng5 fxg5 38. Bxg5 Be7 39. Bxe7 Qxe7 40. Rb8+ Ne8 41. Qd1 Ra8 42. Rxa8 Rxa8 43. Rf3 Rb8 44. Qe1 Nc2 45. Qxa5 Rb1+ 46. Kh2 Qc7 47. Qa8 Qb8 48. Qc6 Ne1 49. Rf1 Rb2+ 50. Kh1 Nxd3 51. f6 Nf2+ 52. Rxf2 Rxf2 53. fxg7+ Nxg7 54. Kg1 Qf8 55. Qh6 Qf3 56. Qg5 Qf6 57. Qg4 d3 58. Qc8+ Qf8 59. Qd7 Rb2 60. Qxd3 Qf2+ 0-1

[Event "Rheinhausen-ch 11th"]
[Site "Duisburg Rheinhausen"]
[Date "2007.03.16"]
[Round "6"]
[White "Bajonczak, Helmut"]
[Black "Schumacher, Timo"]
[Result "1/2-1/2"]
[WhiteElo "1323"]
[BlackElo "1002"]
[PlyCount "63"]
[EventDate "2007.01.12"]
[EventType "swiss"]
[EventRounds "7"]
[EventCountry "GER"]
[SourceTitle "EXT 2018"]
[Source "ChessBase"]
[SourceDate "2017.10.13"]
[SourceVersion "1"]
[SourceVersionDate "2017.10.13"]
[SourceQuality "1"]

1. Nf3 Nc6 2. g3 e5 3. d3 d5 4. Bg2 Nf6 5. c3 Bc5 6. 0-0 0-0 7. Nbd2 Bf5 8. Nh4 Bg4 9. Kh1 Bh5 10. Qe1 Qd7 11. e4 d4 12. Nb3 Be7 13. Bd2 a5 14. a3 a4 15. Nc1 b5 16. Nf5 Bc5 17. f3 Bg6 18. Nh4 Na5 19. c4 Nb7 20. b4 axb3 21. Nxb3 Bxa3 22. Bc1 Bxc1 23. Rxc1 Ra3 24. Qd1 bxc4 25. Rxc4 Na5 26. Nxa5 Rxa5 27. g4 Rb8 28. Qd2 Rbb5 29. Rfc1 c5 30. h3 Qa7 31. Qg5 Nd7 32. Qd8+ 1/2-1/2

[Event "Rheinhausen-ch 11th"]
[Site "Duisburg Rheinhausen"]
[Date "2007.01.26"]
[Round "2"]
[White "Kerkhoff, Johannes"]
[Black "Bajonczak, Helmut"]
[Result "1-0"]
[WhiteElo "1488"]
[BlackElo "1323"]
[PlyCount "105"]
[EventDate "2007.01.12"]
[EventType "swiss"]
[EventRounds "7"]
[EventCountry "GER"]
[SourceTitle "EXT 2018"]
[Source "ChessBase"]
[SourceDate "2017.10.13"]
[SourceVersion "1"]
[SourceVersionDate "2017.10.13"]
[SourceQuality "1"]

1. e4 c6 2. d4 d5 3. exd5 cxd5 4. Bd3 Nf6 5. h3 g6 6. Nf3 Nc6 7. c3 a6 8. Be3 Bg7 9. Nbd2 0-0 10. Nf1 b5 11. a3 Qc7 12. Ng3 e5 13. dxe5 Nxe5 14. Nxe5 Qxe5 15. 0-0 Be6 16. Qd2 Rad8 17. Bf4 Ne4 18. Nxe4 Qxe4 19. Bxe4 dxe4 20. Qc1 f5 21. Rd1 Rc8 22. Rd6 Rfe8 23. Rxa6 Bc4 24. Rd6 Bd3 25. Qe3 Bf8 26. Rd5 Bc4 27. Re5 Red8 28. Qb6 Rd6 29. Qb7 Rcd8 30. Bg5 R8d7 31. Qb8 Rf7 32. Bh6 Re6 33. Rc5 g5 34. Bxf8 Rxf8 35. Rc8 Ref6 36. Rxf8+ Rxf8 37. Qe5 Kf7 38. Qxf5+ Ke7 39. Qxe4+ Be6 40. Re1 Rf6 41. Qb4+ Kf7 42. Qxb5 g4 43. hxg4 Bxg4 44. Qb7+ Kg6 45. Qe4+ Bf5 46. Qe8+ Kg5 47. f3 h5 48. g3 h4 49. Qe3+ Kg6 50. g4 Bc2 51. Qe8+ Kg5 52. Qb5+ Kf4 53. Qe5+ 1-0